La historia de las sociedades : del origen del hombre a la europa moderna /

Guardado en:
Autor Principal: Alonso, María Ernestina
Otros Autores: Elisalde, Roberto Mario, Vázquez, Enrique Carlos
Formato: Libro
Publicado: Buenos Aires : Aique, 1997
Materias:
Etiquetas: Agregar Etiqueta
Sin Etiquetas, Sea el primero en etiquetar este registro!
LEADER 01160nam a22002295a 4500
001 CEM.cems010152
005 20080605112718.0
008 130507s1997##################000#0#####d
003 CEMS
020 |a 9507014047 
082 0 4 |a 930 
100 1 |a Alonso, María Ernestina 
245 1 0 |a La historia de las sociedades :  |b del origen del hombre a la europa moderna /  |c María Ernestina Alonso, Roberto Mario Elisalde, Enrique Carlos Vázquez 
260 |a Buenos Aires :  |b Aique,  |c 1997 
300 |a 196 p. 
505 0 |a Qué es la historia? -- Los primeros hombres y las primeras culturas -- El origen del hombre -- Los primeros hombres -- Las primeras culturas -- El origen del hombre americano -- Las sociedades antiguas del cercano oriente y América -- Orígenes de la agricultura y de las ciudades -- Las primeras sociedades urbanas -- Las sociedades antiguas del mediterráneo -- Europa feudal -- La formación del mundo moderno 
653 |a Ciencias sociales 
653 |a Ciencias sociales-egb 
653 |a Historia 
700 1 |a Elisalde, Roberto Mario 
700 1 |a Vázquez, Enrique Carlos 
859 |a CEMS  |b BIB. CEMS - 11 de abril  |h 930  |i Al64-1  |p 20622.99  |t Ej.1